LEADER 01149nas# 2200301 i 450 001 SUN0038557 005 20071219120000.0 011 $a0263-7103 100 $a20050923a1997 |0itac50 ba 101 $aita 102 $aIT 105 $a|||| ||||| 110 $aaU||||||||| 200 1 $aBritish journal of rheumatology$fBritish association of rheumatology and rehabilitation$gBritish society for rheumatology 205 $aOxford : Oxford university$b1983-1998 207 $av. : ill.$a29 cm 210 $aTrimestrale 215 $aContinuazione di: Rheumatology and rehabilitation. 606 $aReumatologia$xPeriodici$2FI$3SUNC016243 620 $aGB$dOxford$3SUNL000020 676 $a616.723005$v21 712 $aOxford university$3SUNV000064$4650 801 $aIT$bSOL$c20181109$gRICA 899 $aSUN - BIBLIOTECA DIPARTIMENTO MAGRASSI LANZARA$2SUN06$41989-1993; 1995-1998. lac. 1990-1991; 1997-1998.$c12 D-E ; 912 $aSUN0038557 950 $aSUN - BIBLIOTECA DIPARTIMENTO MAGRASSI LANZARA$b06 1989-1993; 1995-1998. lac. 1990-1991; 1997-1998. 996 $aBritish journal of rheumatology$91413669 997 $aUNICAMPANIA LEADER 01411oam 2200409Ia 450 001 9910698944103321 005 20090721163226.0 035 $a(CKB)5470000002398435 035 $a(OCoLC)423393345 035 $a(EXLCZ)995470000002398435 100 $a20090709d1999 ua 0 101 0 $aeng 135 $auran||||||||| 181 $ctxt$2rdacontent 182 $cc$2rdamedia 183 $acr$2rdacarrier 200 00$aGuidance for industry$b[electronic resource] $estability testing, photostability testing of new veterinary drug substances and medicinal products 210 1$aRockville, MD :$cU.S. Dept. of Health and Human Services, Food and Drug Administration, Center for Verterinary Medicine,$d[1999] 215 $a10 pages $cdigital, PDF file 300 $aTitle from PDF title page (viewed on July 9, 2009). 300 $a"Final guidance". 300 $a"VICH GL5". 300 $a"September 1999". 320 $aIncludes bibliographical references (page 10). 517 $aGuidance for industry 606 $aDrug stability$xTesting 606 $aVeterinary drugs$xTesting 615 0$aDrug stability$xTesting. 615 0$aVeterinary drugs$xTesting. 712 02$aCenter for Veterinary Medicine (U.S.) 801 0$bGPO 801 1$bGPO 801 2$bGPO 906 $aBOOK 912 $a9910698944103321 996 $aGuidance for industry$93434577 997 $aUNINA